[Event "Rated Blitz game"]
[Site "?"]
[Date "2021.06.19"]
[Round "?"]
[White "herozero8"]
[Black "King_bg03"]
[Result "0-1"]
[WhiteElo "2399"]
[BlackElo "2510"]
[PlyCount "148"]
[EventDate "2021.??.??"]
[EventType "blitz"]

1. e4 e5 2. Nf3 d5 3. exd5 e4 4. Qe2 Nf6 5. Nc3 Be7 6. Nxe4 O-O 7. c4 Re8 8. d3
Nxe4 9. dxe4 Bb4+ 10. Bd2 Bf5 11. e5 Bxd2+ 12. Qxd2 Nd7 13. Be2 Nxe5 14. Nxe5
Rxe5 15. O-O Qe7 16. Bf3 Re8 17. d6 cxd6 18. Rad1 Rd8 19. Rfe1 Rc8 20. b3 Re8
21. Rf1 Rd8 22. Bd5 Be6 23. f4 Rh5 24. Rde1 Qd7 25. Bf3 Bg4 26. Bxg4 Qxg4 27.
Qe2 Qxe2 28. Rxe2 Rc5 29. Rd2 Kf8 30. Rfd1 Ke7 31. Kf2 d5 32. cxd5 Kd6 33. Re1
Rd7 34. Re4 Rxd5 35. Red4 Kc5 36. b4+ Kc6 37. Rc2+ Kb5 38. Rxd5+ Rxd5 39. Rc7
Rf5 40. Kf3 Kb6 41. Rd7 g5 42. g3 gxf4 43. gxf4 h5 44. h4 Rb5 45. a3 a5 46.
bxa5+ Rxa5 47. Rxf7 Rxa3+ 48. Ke4 Rh3 49. Ke5 Rxh4 50. Rh7 Rh1 51. f5 Kc6 52.
f6 Re1+ 53. Kf5 Kd6 54. f7 Ke7 55. Rxh5 Rf1+ 56. Ke5 Rxf7 57. Kd5 Kd7 58. Kc5
Kc7 59. Kb5 Rd7 60. Rc5+ Kb8 61. Rf5 Rd6 62. Kb4 Ka7 63. Rf7 Rc6 64. Rf5 Kb6
65. Rb5+ Kc7 66. Rd5 Rb6+ 67. Kc4 Rd6 68. Kb4 Rxd5 69. Kb3 Rd6 70. Kc3 Rc6+ 71.
Kb3 b5 72. Kb4 Rc4+ 73. Kxb5 Rc6 74. Kb4 Kd6 {Time forfeit} 0-1

[Event "Rated Blitz game"]
[Site "?"]
[Date "2021.06.19"]
[Round "?"]
[White "danicuva"]
[Black "Kasteajedrez"]
[Result "1-0"]
[WhiteElo "2309"]
[BlackElo "2416"]
[PlyCount "121"]
[EventDate "2021.??.??"]
[EventType "blitz"]

1. e4 e5 2. Nf3 d5 3. Nxe5 Qe7 4. d4 f6 5. Nd3 dxe4 6. Nc5 f5 7. Be2 Nf6 8. O-O
b6 9. Nb3 a5 10. a4 Nc6 11. f3 Bb7 12. fxe4 fxe4 13. Bg5 O-O-O 14. c3 h6 15.
Bh4 g5 16. Bg3 h5 17. h4 g4 18. N1d2 e3 19. Nc4 Nd5 20. Ne5 Nxe5 21. Bxe5 Rh6
22. Qe1 Bg7 23. Bxg7 Qxg7 24. Qg3 Rhd6 25. Nc1 Kb8 26. Nd3 Ba6 27. Rae1 Ka7 28.
Ne5 Bb7 29. Rf7 Qg8 30. Ref1 Qe8 31. Bc4 Qxa4 32. Bxd5 Rxd5 33. Qxe3 Qc2 34.
Qf2 Qe4 35. Rxc7 g3 36. Qxg3 Ka6 37. Rcf7 Rb5 38. R7f2 Bd5 39. Qf4 Qxf4 40.
Rxf4 Rxb2 41. c4 Rxg2+ 42. Kh1 Bb7 43. d5 Re2 44. Nd3 Re3 45. R4f3 Rxd5 46.
cxd5 Bxd5 47. Ne1 a4 48. Kh2 Bxf3 49. Nxf3 b5 50. Kg3 b4 51. Kf4 Re8 52. Nd4
Rf8+ 53. Nf5 b3 54. Ke5 Ka5 55. Ra1 Kb4 56. Nd4 Re8+ 57. Kd5 Rd8+ 58. Ke6 Rxd4
59. Rxa4+ Kxa4 60. Ke5 Rg4 61. Ke6 {Time forfeit} 1-0

[Event "Rated Blitz tournament EOSg0Ukc"]
[Site "?"]
[Date "2021.06.19"]
[Round "?"]
[White "lenta1"]
[Black "batasjon"]
[Result "1/2-1/2"]
[WhiteElo "2449"]
[BlackElo "2409"]
[PlyCount "67"]
[EventDate "2021.??.??"]
[EventType "blitz"]

1. e4 e5 2. Nf3 d5 3. exd5 e4 4. Qe2 Nf6 5. Nc3 Be7 6. Nxe4 O-O 7. Nc3 Re8 8.
Qd1 Nxd5 9. Nxd5 Qxd5 10. Be2 c5 11. O-O Nc6 12. d3 b6 13. Re1 Bb7 14. Bf1 Bd6
15. Be3 h6 16. a3 Ne5 17. Nxe5 Qxe5 18. f4 Qxb2 19. Rb1 Qf6 20. Qd2 Re7 21. g3
Rae8 22. Bf2 Qf5 23. Bg2 Bxg2 24. Kxg2 Qd5+ 25. Kg1 c4 26. Rxe7 Rxe7 27. a4
cxd3 28. Qxd3 Qxd3 29. cxd3 Re2 30. Ra1 Rd2 31. a5 Rxd3 32. axb6 axb6 33. Bxb6
Rd2 34. Bf2 {Normal} 1/2-1/2

[Event "Rated Blitz game"]
[Site "?"]
[Date "2021.06.19"]
[Round "?"]
[White "mateusz1231"]
[Black "artsportscience"]
[Result "0-1"]
[WhiteElo "2543"]
[BlackElo "2361"]
[PlyCount "48"]
[EventDate "2021.??.??"]
[EventType "blitz"]

1. e4 e5 2. Nf3 d5 3. exd5 e4 4. Ne5 Qxd5 5. d4 exd3 6. Nxd3 Nf6 7. Nc3 Qe6+ 8.
Be2 Bd6 9. O-O O-O 10. Bf3 Nc6 11. g3 Ne5 12. Bg2 Rb8 13. Nf4 Qf5 14. Nb5 a6
15. Nxd6 cxd6 16. Qxd6 Bd7 17. Bd2 Bc6 18. Bc3 Bxg2 19. Kxg2 Nc4 20. Qd4 b5 21.
Rad1 Qxc2 22. Nd5 Qe4+ 23. f3 Qxd5 24. Qxd5 Nxd5 {Normal} 0-1

[Event "Rated Blitz tournament EOSg0Ukc"]
[Site "?"]
[Date "2021.06.19"]
[Round "?"]
[White "lavr2004"]
[Black "batasjon"]
[Result "1-0"]
[WhiteElo "2397"]
[BlackElo "2414"]
[PlyCount "61"]
[EventDate "2021.??.??"]
[EventType "blitz"]

1. e4 e5 2. Nf3 d5 3. exd5 e4 4. Ne5 Qxd5 5. d4 exd3 6. Nxd3 Nf6 7. Nc3 Qf5 8.
Be2 Bd6 9. O-O O-O 10. Bf3 Nc6 11. g3 Be6 12. Bg2 Rad8 13. Re1 h6 14. Qf3 Nd4
15. Qd1 Bc4 16. Be3 Nxc2 17. Qxc2 Bxd3 18. Qb3 b6 19. Qa4 a5 20. a3 g5 21. Bd4
c5 22. Bxf6 Qxf6 23. Nd5 Qxb2 24. Qc6 Be5 25. Rad1 c4 26. Bf1 Rd6 27. Qb7 Rfd8
28. Bxd3 cxd3 29. Rxd3 Kg7 30. Red1 Qxa3 31. Rxa3 {Normal} 1-0

[Event "Rated Blitz game"]
[Site "?"]
[Date "2021.06.19"]
[Round "?"]
[White "Manu94"]
[Black "oJHuNYuTANGc0"]
[Result "1-0"]
[WhiteElo "2487"]
[BlackElo "2372"]
[PlyCount "45"]
[EventDate "2021.??.??"]
[EventType "blitz"]

1. e4 e5 2. Nf3 d5 3. d4 dxe4 4. Nxe5 Bd6 5. Bc4 Bxe5 6. Qh5 Qe7 7. Qxe5 Qxe5
8. dxe5 Nc6 9. Nc3 Nxe5 10. Bb3 f5 11. Bf4 Nc6 12. Bxc7 Nf6 13. O-O-O a6 14. f3
b5 15. Rhe1 b4 16. Nd5 Bb7 17. Nxf6+ gxf6 18. fxe4 f4 19. Rf1 Rg8 20. Rxf4 Rxg2
21. Rxf6 Rc8 22. Bb6 Ne5 23. Re6+ {Time forfeit} 1-0

[Event "Rated Blitz game"]
[Site "?"]
[Date "2021.06.19"]
[Round "?"]
[White "blobica"]
[Black "khalid_ontawar"]
[Result "0-1"]
[WhiteElo "2494"]
[BlackElo "2458"]
[PlyCount "64"]
[EventDate "2021.??.??"]
[EventType "blitz"]

1. e4 e5 2. Nf3 d5 3. Nxe5 Qe7 4. d4 f6 5. Ng4 dxe4 6. Ne3 Nc6 7. c4 Bd7 8. Nc3
O-O-O 9. Ned5 Qf7 10. Bf4 Bd6 11. Bxd6 cxd6 12. Nb5 Be6 13. Rc1 Kb8 14. Ne3 d5
15. c5 f5 16. g3 g5 17. Nd6 Rxd6 18. cxd6 f4 19. Ng4 Qd7 20. Ne5 Qxd6 21. Nxc6+
bxc6 22. Qb3+ Ka8 23. Ba6 Qc7 24. O-O Ne7 25. Rc5 h5 26. Rfc1 h4 27. Rb5 Bc8
28. Bxc8 Rxc8 29. Rbc5 hxg3 30. hxg3 Qd7 31. Ra5 f3 32. Qa3 Rh8 {Normal} 0-1

[Event "Rated Blitz game"]
[Site "?"]
[Date "2021.06.19"]
[Round "?"]
[White "Chess0805"]
[Black "blackwolfrun"]
[Result "1-0"]
[WhiteElo "2430"]
[BlackElo "2253"]
[PlyCount "67"]
[EventDate "2021.??.??"]
[EventType "blitz"]

1. e4 e5 2. Nf3 d5 3. Nxe5 Bd6 4. d4 dxe4 5. c4 Bxe5 6. dxe5 Qxd1+ 7. Kxd1 Nc6
8. Bf4 Bg4+ 9. Kc2 Nd4+ 10. Kc3 O-O-O 11. Nd2 Bf5 12. g4 Bg6 13. h4 h5 14. gxh5
Rxh5 15. Bg5 f6 16. exf6 gxf6 17. Be3 c5 18. Bh3+ Kc7 19. Bg4 Ne7 20. Bxh5 Bxh5
21. Rhg1 Ne2+ 22. Kc2 Nxg1 23. Rxg1 b6 24. Rg7 Kd7 25. Nxe4 Bg6 26. f3 f5 27.
Bg5 fxe4 28. Rxe7+ Kd6 29. Rg7 Bf5 30. Bxd8 exf3+ 31. Kd2 f2 32. Ke2 Bd3+ 33.
Kxf2 Bxc4 34. b3 {Normal} 1-0

[Event "Rated Blitz game"]
[Site "?"]
[Date "2021.06.19"]
[Round "?"]
[White "Oleg_Perfilov"]
[Black "tenagakuda"]
[Result "1-0"]
[WhiteElo "2407"]
[BlackElo "2242"]
[PlyCount "83"]
[EventDate "2021.??.??"]
[EventType "blitz"]

1. e4 e5 2. Nf3 d5 3. exd5 e4 4. Ne5 Bd6 5. d4 exd3 6. Nxd3 Nf6 7. c4 b6 8. Be2
O-O 9. Bg5 Bf5 10. O-O Nbd7 11. Nc3 Re8 12. Rb1 Nc5 13. b4 Nxd3 14. Bxd3 Bg6
15. Bxg6 hxg6 16. Qf3 Be7 17. Rfe1 Nh5 18. Bxe7 Rxe7 19. Nb5 Rxe1+ 20. Rxe1 a6
21. Nd4 Qd6 22. Nc6 Rf8 23. g3 Nf6 24. Re3 b5 25. c5 Qd7 26. Ne7+ Kh8 27. Kg2
Re8 28. c6 Qd6 29. Qe2 Kh7 30. h3 Qxb4 31. g4 Qc5 32. Re5 Qd4 33. g5 Nh5 34.
Qe3 Qa4 35. Nxg6 Rxe5 36. Nxe5 Nf4+ 37. Kg3 Nh5+ 38. Kh2 Qh4 39. Nxf7 Nf4 40.
Ne5 Qxg5 41. Ng4 Nxd5 42. Qxg5 {Normal} 1-0

[Event "Rated Blitz game"]
[Site "?"]
[Date "2021.06.19"]
[Round "?"]
[White "BeTtA2004"]
[Black "KinzyabulatovRenat"]
[Result "1-0"]
[WhiteElo "2452"]
[BlackElo "2420"]
[PlyCount "49"]
[EventDate "2021.??.??"]
[EventType "blitz"]

1. e4 e5 2. Nf3 d5 3. Nxe5 Bd6 4. d4 dxe4 5. Nc4 Nf6 6. Ne3 O-O 7. c4 c6 8. Nc3
Re8 9. Be2 a6 10. Qc2 b5 11. O-O b4 12. Na4 a5 13. b3 Nbd7 14. Rd1 Bb8 15. Bb2
Qc7 16. g3 Nf8 17. d5 cxd5 18. cxd5 Qd6 19. Rac1 Ng6 20. Qc6 Ra7 21. Bxf6 gxf6
22. Qxe8+ Kg7 23. Rxc8 Ne5 24. Qg8+ Kh6 25. Nf5# {Normal} 1-0

[Event "Rated Blitz game"]
[Site "?"]
[Date "2021.06.19"]
[Round "?"]
[White "FastBananna"]
[Black "KinzyabulatovRenat"]
[Result "1-0"]
[WhiteElo "2466"]
[BlackElo "2461"]
[PlyCount "71"]
[EventDate "2021.??.??"]
[EventType "blitz"]

1. e4 e5 2. Nf3 d5 3. exd5 e4 4. Nd4 Qxd5 5. Nb3 Nc6 6. Nc3 Qe5 7. g3 Nf6 8. h3
a5 9. a4 h5 10. Bg2 h4 11. g4 Be6 12. Qe2 Bxb3 13. cxb3 Nd4 14. Qd1 O-O-O 15.
O-O Bd6 16. Re1 Qh2+ 17. Kf1 Rhe8 18. Nxe4 Nxe4 19. Rxe4 Rxe4 20. Bxe4 Bc5 21.
Bg2 Ne6 22. d3 Nf4 23. Bxf4 Qxf4 24. Qf3 Qxf3 25. Bxf3 Rxd3 26. Be4 Rxh3 27.
Ke2 Rxb3 28. Rb1 g6 29. Bd5 Rb4 30. Bxf7 Rxg4 31. Kf3 Rg5 32. Be6+ Kd8 33. Rd1+
Ke7 34. Bg4 Bd6 35. Re1+ Kf7 36. Re7+ {Time forfeit} 1-0

[Event "Rated Blitz game"]
[Site "?"]
[Date "2021.06.19"]
[Round "?"]
[White "DrZwischenzug"]
[Black "Dzon_Vejn"]
[Result "0-1"]
[WhiteElo "2283"]
[BlackElo "2489"]
[PlyCount "22"]
[EventDate "2021.??.??"]
[EventType "blitz"]

1. e4 e5 2. Nf3 d5 3. exd5 e4 4. Qe2 Nf6 5. Nc3 Be7 6. Nxe4 O-O 7. d3 Nxd5 8.
Be3 Re8 9. O-O-O f5 10. Ned2 Bf6 11. d4 f4 {Normal} 0-1

[Event "Rated Blitz game"]
[Site "?"]
[Date "2021.06.19"]
[Round "?"]
[White "Aleks89"]
[Black "KinzyabulatovRenat"]
[Result "0-1"]
[WhiteElo "2452"]
[BlackElo "2457"]
[PlyCount "48"]
[EventDate "2021.??.??"]
[EventType "blitz"]

1. e4 e5 2. Nf3 d5 3. Bc4 dxc4 4. Nxe5 Qd4 5. Nf3 Qxe4+ 6. Kf1 Bf5 7. Nc3 Qxc2
8. Qe1+ Be7 9. Nd4 Qd3+ 10. Nde2 Nc6 11. b3 O-O-O 12. bxc4 Bf6 13. Kg1 Nh6 14.
Nd5 Bxa1 15. Nef4 Qxc4 16. d3 Qd4 17. Be3 Qb2 18. h3 Qxa2 19. Nb4 Nxb4 20. Qxb4
Be5 21. g4 Bxd3 22. Nxd3 Rxd3 23. Qe4 Qd5 24. Kg2 Qxe4+ {Normal} 0-1

[Event "Rated Blitz game"]
[Site "?"]
[Date "2021.06.19"]
[Round "?"]
[White "Doubleb17"]
[Black "pasha1984"]
[Result "1-0"]
[WhiteElo "2505"]
[BlackElo "2357"]
[PlyCount "79"]
[EventDate "2021.??.??"]
[EventType "blitz"]

1. e4 e5 2. Nf3 d5 3. Nxe5 dxe4 4. d4 Bd6 5. Nc4 Nc6 6. c3 Nf6 7. Bg5 h6 8. Bh4
Be7 9. Be2 Bf5 10. Ne3 Bh7 11. Nd2 O-O 12. Qb3 Rb8 13. g4 Nd5 14. Qxd5 Bxh4 15.
Qxd8 Rbxd8 16. Bc4 Kh8 17. Ke2 Ne7 18. Rhg1 Bg5 19. Raf1 Bf4 20. h4 c6 21. g5
h5 22. f3 Bxe3 23. Kxe3 Nf5+ 24. Kf4 e3 25. Ne4 Nxh4 26. Kxe3 Nf5+ 27. Kf4 b5
28. Bb3 a5 29. Rh1 Bg6 30. a3 a4 31. Ba2 Kg8 32. Re1 Rfe8 33. Nc5 h4 34. Nb7
Rb8 35. Nc5 Kf8 36. Bb1 Ng3 37. Nd7+ Kg8 38. Nxb8 Rxb8 39. Rxh4 Nh5+ 40. Kg4 {
Normal} 1-0

[Event "Rated Blitz game"]
[Site "?"]
[Date "2021.06.19"]
[Round "?"]
[White "EpicureColumns"]
[Black "KinzyabulatovRenat"]
[Result "0-1"]
[WhiteElo "2399"]
[BlackElo "2405"]
[PlyCount "56"]
[EventDate "2021.??.??"]
[EventType "blitz"]

1. e4 e5 2. Nf3 d5 3. Nxe5 Bd6 4. d4 dxe4 5. Nc4 Nf6 6. Be2 Be7 7. Nc3 Nc6 8.
d5 Nb4 9. d6 cxd6 10. a3 Nc6 11. Nd5 O-O 12. O-O Nxd5 13. Qxd5 Be6 14. Qb5 d5
15. Ne3 d4 16. Nc4 Qc7 17. g3 Rad8 18. Bf4 Qc8 19. Rfd1 Rd5 20. Qb3 b5 21. Nd2
d3 22. Bf1 Rc5 23. c4 bxc4 24. Qc3 Bf6 25. Qc1 Bd5 26. Be3 Rb5 27. Rb1 Nd4 28.
Bxd4 Bxd4 {Normal} 0-1

[Event "Rated Blitz game"]
[Site "?"]
[Date "2021.06.19"]
[Round "?"]
[White "TheWizardofPhi"]
[Black "Taabling"]
[Result "1-0"]
[WhiteElo "2526"]
[BlackElo "2492"]
[PlyCount "59"]
[EventDate "2021.??.??"]
[EventType "blitz"]

1. e4 e5 2. Nf3 d5 3. Nxe5 Bd6 4. d4 dxe4 5. Nc4 Nf6 6. Nc3 Bb4 7. Be2 O-O 8.
a3 Bxc3+ 9. bxc3 Nd5 10. Bd2 Nc6 11. g3 Bh3 12. Ne3 Kh8 13. c4 Nb6 14. Bc3 f5
15. d5 Ne7 16. Qd4 Rf7 17. O-O-O Ng6 18. c5 Nd7 19. Bc4 Nde5 20. d6 Rf6 21. Nd5
cxd6 22. Nxf6 Qxf6 23. cxd6 Rd8 24. Bb3 Bg4 25. Rd2 Qf8 26. Qd5 Nf3 27. Rdd1
Nfe5 28. h3 Bxd1 29. Rxd1 Nc6 30. Qe6 {Time forfeit} 1-0

[Event "Rated Blitz game"]
[Site "?"]
[Date "2021.06.19"]
[Round "?"]
[White "Taimanovitsch"]
[Black "JHoNYuTANGc0"]
[Result "1-0"]
[WhiteElo "2424"]
[BlackElo "2312"]
[PlyCount "38"]
[EventDate "2021.??.??"]
[EventType "blitz"]

1. e4 e5 2. Nf3 d5 3. exd5 e4 4. Qe2 Nf6 5. Nc3 Be7 6. Nxe4 O-O 7. Nxf6+ Bxf6
8. d4 Qxd5 9. Be3 Re8 10. Qb5 Qe6 11. Bc4 Qe7 12. O-O-O Nc6 13. Rhe1 a6 14. Qh5
b5 15. Bd5 Bb7 16. Bg5 Qd6 17. Bxf7+ Kh8 18. Bxe8 Bxg5+ 19. Nxg5 h6 {Normal}
1-0

[Event "Rated Blitz game"]
[Site "?"]
[Date "2021.06.19"]
[Round "?"]
[White "saneksrovenek1"]
[Black "khalid_ontawar"]
[Result "0-1"]
[WhiteElo "2464"]
[BlackElo "2464"]
[PlyCount "48"]
[EventDate "2021.??.??"]
[EventType "blitz"]

1. e4 e5 2. Nf3 d5 3. Nxe5 Qe7 4. d4 f6 5. Nd3 dxe4 6. Nf4 Bf5 7. c4 Nc6 8. d5
Ne5 9. Nc3 O-O-O 10. Qa4 Kb8 11. Be3 a6 12. c5 g5 13. Bxa6 gxf4 14. Qb5 c6 15.
dxc6 fxe3 16. Bxb7 Qxc5 17. Qa4 exf2+ 18. Kf1 Qc4+ 19. Qxc4 Nxc4 20. Nb5 Bd6
21. Rd1 Ne3+ 22. Kxf2 Nxd1+ 23. Rxd1 Bc5+ 24. Ke1 Bb4+ {Normal} 0-1

[Event "Rated Blitz game"]
[Site "?"]
[Date "2021.06.19"]
[Round "?"]
[White "tucoperez"]
[Black "Dzon_Vejn"]
[Result "1-0"]
[WhiteElo "2352"]
[BlackElo "2496"]
[PlyCount "61"]
[EventDate "2021.??.??"]
[EventType "blitz"]

1. e4 e5 2. Nf3 d5 3. Nxe5 Bd6 4. d4 dxe4 5. Nc4 Be7 6. Nc3 Nf6 7. Bg5 Bf5 8.
Qd2 O-O 9. O-O-O c6 10. Ne3 Bg6 11. h4 Nd5 12. Ncxd5 Bxg5 13. hxg5 cxd5 14. Ng4
Nc6 15. Bb5 Qd6 16. Bxc6 bxc6 17. Ne5 Rfc8 18. Rh3 Bf5 19. g4 Bg6 20. Rdh1 Kf8
21. Rxh7 Bxh7 22. Rxh7 Kg8 23. Rh1 c5 24. Qf4 Qe6 25. Qh2 Kf8 26. Qh8+ Ke7 27.
Qxg7 cxd4 28. Rh6 Rxc2+ 29. Kxc2 Qc8+ 30. Kd1 Qg8 31. Qf6+ {Normal} 1-0

[Event "Rated Blitz tournament EOSg0Ukc"]
[Site "?"]
[Date "2021.06.19"]
[Round "?"]
[White "Simon1705"]
[Black "batasjon"]
[Result "0-1"]
[WhiteElo "2291"]
[BlackElo "2405"]
[PlyCount "102"]
[EventDate "2021.??.??"]
[EventType "blitz"]

1. e4 e5 2. Nf3 d5 3. Nxe5 Bd6 4. d4 dxe4 5. Nc4 Nf6 6. Be2 O-O 7. O-O Nc6 8.
Bg5 Nxd4 9. Nxd6 Qxd6 10. Nc3 Qe5 11. Bxf6 gxf6 12. Bc4 c5 13. Bd5 f5 14. Qh5
Be6 15. Bxe4 Kh8 16. Rae1 Qf6 17. Bxb7 Rab8 18. Bd5 Nxc2 19. Rd1 Rxb2 20. Rd3
Nd4 21. Rg3 Rg8 22. Rxg8+ Kxg8 23. Bxe6 fxe6 24. Qe8+ Kg7 25. Qd7+ Qf7 26. Qd6
Rc2 27. Qg3+ Qg6 28. Qc7+ Kh6 29. Nd1 Qg4 30. Ne3 Qe4 31. Nxc2 Qxc2 32. Qf4+
Kg6 33. Qg3+ Kf6 34. Qh4+ Ke5 35. Re1+ Kd5 36. Qd8+ Kc4 37. Qa8 Qd2 38. Rb1 Qc2
39. Re1 Qd2 40. Rf1 Qg5 41. Qxa7 Kd3 42. Qa3+ Ke2 43. Qe3+ Qxe3 44. fxe3 Kxe3
45. a4 c4 46. a5 c3 47. a6 Nb5 48. Rb1 c2 49. Ra1 Kd2 50. Kf2 c1=Q 51. Rxc1
Kxc1 {Time forfeit} 0-1

[Event "Rated Blitz game"]
[Site "?"]
[Date "2021.06.19"]
[Round "?"]
[White "Sammeister"]
[Black "artsportscience"]
[Result "0-1"]
[WhiteElo "2486"]
[BlackElo "2387"]
[PlyCount "90"]
[EventDate "2021.??.??"]
[EventType "blitz"]

1. e4 e5 2. Nf3 d5 3. Nxe5 Bd6 4. d4 dxe4 5. Nc4 Nf6 6. Nxd6+ Qxd6 7. Nc3 O-O
8. Be2 c6 9. O-O Bf5 10. Be3 Nbd7 11. Qd2 Nb6 12. Bf4 Qd7 13. h3 Nbd5 14. Nxd5
Nxd5 15. c3 Nxf4 16. Qxf4 Bg6 17. Rfe1 Rfe8 18. Rad1 Rad8 19. Bc4 a5 20. a4 b5
21. axb5 cxb5 22. Ba2 Kh8 23. Re3 f5 24. Rde1 h6 25. f3 exf3 26. Qxf3 Rxe3 27.
Rxe3 Re8 28. Rxe8+ Qxe8 29. Qd5 Qe3+ 30. Kh1 Qc1+ 31. Kh2 Qf4+ 32. g3 Qf2+ 33.
Qg2 Qe3 34. Qa8+ Be8 35. h4 Qe2+ 36. Qg2 Qxg2+ 37. Kxg2 g6 38. Kf2 Kg7 39. Kf3
Kf6 40. Ke3 Bf7 41. Bxf7 Kxf7 42. b3 g5 43. h5 a4 44. bxa4 bxa4 45. c4 a3 {
Normal} 0-1

[Event "Rated Blitz tournament JDVmj6zK"]
[Site "?"]
[Date "2021.06.18"]
[Round "?"]
[White "yuriy76"]
[Black "Turkmentiger2020"]
[Result "1-0"]
[WhiteElo "2341"]
[BlackElo "2510"]
[PlyCount "86"]
[EventDate "2021.??.??"]
[EventType "blitz"]

1. e4 e5 2. Nf3 d5 3. Nxe5 Bd6 4. Nxf7 Kxf7 5. Qh5+ g6 6. Qxd5+ Be6 7. Qd4 Qf6
8. Qxf6+ Nxf6 9. Nc3 Nc6 10. f4 Bd7 11. e5 Rhe8 12. Bc4+ Kg7 13. O-O Bc5+ 14.
Kh1 Ng4 15. Ne4 Bb6 16. h3 Nh6 17. c3 Bf5 18. Ng3 Rad8 19. d4 a6 20. Be3 Ne7
21. Rae1 Nd5 22. Bc1 c6 23. Kh2 Bc8 24. Ne4 Nf5 25. g4 Nh6 26. Nd6 Rf8 27. Nxc8
Rxc8 28. f5 gxf5 29. Bxh6+ Kxh6 30. gxf5 Bc7 31. Bxd5 cxd5 32. f6 Rce8 33. Kg3
Re6 34. Kg4 Rg8+ 35. Kf5 Ree8 36. h4 Rg2 37. f7 Rf8 38. e6 Rxb2 39. Kf6 Bd8+
40. e7 Rb6+ 41. Re6 Rxe6+ 42. Kxe6 Bxe7 43. Kxe7 Rxf7+ {Normal} 1-0

[Event "Rated Blitz game"]
[Site "?"]
[Date "2021.06.18"]
[Round "?"]
[White "JoseCanina"]
[Black "oJHuNYuTANGc0"]
[Result "1-0"]
[WhiteElo "2419"]
[BlackElo "2394"]
[PlyCount "63"]
[EventDate "2021.??.??"]
[EventType "blitz"]

1. e4 e5 2. Nf3 d5 3. exd5 e4 4. Qe2 Nf6 5. d3 Qxd5 6. Nbd2 Be6 7. Nxe4 Be7 8.
c3 Nc6 9. Nxf6+ Bxf6 10. d4 O-O-O 11. Be3 Bg4 12. h3 Bh5 13. g4 Bg6 14. Bg2
Rhe8 15. O-O Be4 16. Ne1 Bxg2 17. Nxg2 h5 18. Nf4 Qe4 19. Nxh5 Rh8 20. Rfe1
Rde8 21. Qb5 Be7 22. Bg5 Qf3 23. Re3 a6 24. Qd3 Qd5 25. Bxe7 Rxe7 26. Rae1 Rxe3
27. Qxe3 g6 28. Nf6 Qxa2 29. Re2 Kb8 30. d5 Na5 31. b4 Nc4 32. Rxa2 {Time
forfeit} 1-0

[Event "Rated Blitz game"]
[Site "?"]
[Date "2021.06.18"]
[Round "?"]
[White "Sanek1206"]
[Black "ahoramahora"]
[Result "1-0"]
[WhiteElo "2405"]
[BlackElo "2363"]
[PlyCount "43"]
[EventDate "2021.??.??"]
[EventType "blitz"]

1. e4 e5 2. Nf3 d5 3. exd5 e4 4. Ne5 Qxd5 5. d4 exd3 6. Nxd3 Bf5 7. Nc3 Qd7 8.
Bf4 Nc6 9. Qe2+ Be7 10. O-O-O O-O-O 11. Ne5 Nxe5 12. Rxd7 Nxd7 13. Nd5 Bd6 14.
Bxd6 cxd6 15. Qc4+ Nc5 16. b4 Be6 17. bxc5 Nf6 18. cxd6+ Kb8 19. Qc7+ Ka8 20.
Nxf6 gxf6 21. Bb5 Rc8 22. Qa5 {Time forfeit} 1-0

[Event "Rated Blitz game"]
[Site "?"]
[Date "2021.06.18"]
[Round "?"]
[White "damir361"]
[Black "Dzon_Vejn"]
[Result "1-0"]
[WhiteElo "2430"]
[BlackElo "2496"]
[PlyCount "89"]
[EventDate "2021.??.??"]
[EventType "blitz"]

1. e4 e5 2. Nf3 d5 3. exd5 e4 4. Bb5+ c6 5. dxc6 bxc6 6. Qe2 cxb5 7. Qxe4+ Qe7
8. Nc3 Qxe4+ 9. Nxe4 Bb7 10. d3 Bxe4 11. dxe4 Nf6 12. e5 Nd5 13. Bg5 Be7 14.
O-O-O Nb6 15. Bxe7 Kxe7 16. Nd4 a6 17. Nf5+ Ke6 18. Nxg7+ Kxe5 19. Rhe1+ Kf6
20. Ne8+ Kf5 21. Nd6+ Kg6 22. Re3 N8d7 23. Rg3+ Kh5 24. Nxf7 Rhg8 25. Rd6 Rxg3
26. Rh6+ Kg4 27. hxg3 Rf8 28. Rxh7 Kf5 29. Nd6+ Ke6 30. Ne4 Ne5 31. f3 Kd5 32.
Rh6 Nbc4 33. b3 Nf7 34. Rf6 Nce5 35. Kd2 Nd7 36. Rxa6 Nfe5 37. Ke3 Nc6 38. a4
b4 39. g4 Re8 40. g5 Nc5 41. g6 Nxa6 42. g7 Nc5 43. g8=Q+ Rxg8 44. Nf6+ Kd6 45.
Nxg8 {Time forfeit} 1-0

[Event "Rated Blitz tournament JDVmj6zK"]
[Site "?"]
[Date "2021.06.18"]
[Round "?"]
[White "Vik1970"]
[Black "Secret2700"]
[Result "0-1"]
[WhiteElo "2206"]
[BlackElo "2420"]
[PlyCount "34"]
[EventDate "2021.??.??"]
[EventType "blitz"]

1. e4 e5 2. Nf3 d5 3. exd5 e4 4. Qe2 Nf6 5. d3 Bb4+ 6. c3 O-O 7. cxb4 exf3 8.
Qxf3 Re8+ 9. Be2 Bg4 10. Qe3 Rxe3 11. Bxe3 Bxe2 12. Kxe2 Qxd5 13. Nc3 Qxg2 14.
Ne4 Nxe4 15. Rag1 Qh3 16. dxe4 Nc6 17. Rg3 Qh5+ {Normal} 0-1

[Event "Rated Blitz game"]
[Site "?"]
[Date "2021.06.18"]
[Round "?"]
[White "liczner"]
[Black "Rakhmanov_Aleksandr"]
[Result "1-0"]
[WhiteElo "2725"]
[BlackElo "2675"]
[PlyCount "33"]
[EventDate "2021.??.??"]
[EventType "blitz"]

1. e4 e5 2. Nf3 d5 3. exd5 e4 4. Qe2 Nf6 5. Nc3 Bb4 6. Nxe4 O-O 7. Nxf6+ Qxf6
8. Qe4 Bd6 9. Bd3 Qh6 10. O-O Nd7 11. Qh4 Qxh4 12. Nxh4 Ne5 13. Bf5 Re8 14. d4
Ng4 15. h3 Bh2+ 16. Kh1 Nxf2+ 17. Kxh2 {Normal} 1-0

[Event "Rated Blitz tournament JDVmj6zK"]
[Site "?"]
[Date "2021.06.18"]
[Round "?"]
[White "Morlockk"]
[Black "InvisibleKoT"]
[Result "0-1"]
[WhiteElo "2303"]
[BlackElo "2509"]
[PlyCount "114"]
[EventDate "2021.??.??"]
[EventType "blitz"]

1. e4 e5 2. Nf3 d5 3. exd5 e4 4. Qe2 Nf6 5. d3 Be7 6. dxe4 O-O 7. Be3 c6 8. Nc3
Bb4 9. Qc4 cxd5 10. exd5 Bxc3+ 11. bxc3 Nxd5 12. Bd3 Nxe3 13. fxe3 Qe7 14. O-O
Qxe3+ 15. Kh1 Nc6 16. Rae1 Qh6 17. Re4 Bf5 18. Rh4 Bxd3 19. Rxh6 Bxc4 20. Rxc6
bxc6 21. Rf2 Bd5 22. Nd4 Rfe8 23. h3 g6 24. Ne2 Kg7 25. a3 Rad8 26. Nd4 Bc4 27.
Kh2 c5 28. Nf3 Re2 29. Rf1 Rxc2 30. Rb1 Rxc3 31. Rb2 Bd5 32. Ne1 Be4 33. Re2
Bf5 34. g4 Be6 35. Kg1 Rd1 36. Kf2 Rcc1 37. Nf3 Rf1+ 38. Kg2 Bd5 39. Rf2 Bxf3+
40. Kxf3 Rc3+ 41. Kg2 Rxf2+ 42. Kxf2 Rxa3 43. Kg2 h5 44. gxh5 gxh5 45. Kh2 h4
46. Kg2 Kh6 47. Kh2 Kg5 48. Kg2 Kf4 49. Kf2 Ra2+ 50. Ke1 Ke3 51. Kd1 Kd3 52.
Kc1 Rd2 53. Kb1 f5 54. Kc1 f4 55. Kb1 f3 56. Kc1 f2 57. Kb1 f1=Q# {Normal} 0-1

[Event "Rated Blitz game"]
[Site "?"]
[Date "2021.06.18"]
[Round "?"]
[White "nrm18"]
[Black "Dzon_Vejn"]
[Result "1-0"]
[WhiteElo "2451"]
[BlackElo "2508"]
[PlyCount "143"]
[EventDate "2021.??.??"]
[EventType "blitz"]

1. e4 e5 2. Nf3 d5 3. Nxe5 Bd6 4. d4 dxe4 5. Nc4 Be7 6. Ne3 Nf6 7. Be2 O-O 8.
O-O Nc6 9. c3 Bd6 10. f3 Re8 11. fxe4 Nxe4 12. Bc4 Rf8 13. Qh5 Be6 14. d5 Nf6
15. Rxf6 Qxf6 16. dxe6 fxe6 17. Qe2 Ne5 18. Bb3 Ng6 19. Nd2 Nh4 20. Ne4 Qe5 21.
Nxd6 cxd6 22. Qg4 Nf5 23. Bd2 Nxe3 24. Qxe6+ Qxe6 25. Bxe6+ Kh8 26. Bxe3 Rae8
27. Bxa7 Rxe6 28. Bd4 Re2 29. b4 Kg8 30. a4 Rfe8 31. Ra3 Re1+ 32. Kf2 R1e2+ 33.
Kf3 Rb2 34. a5 g5 35. g4 Ra8 36. Ke4 Kf7 37. Kd5 Ke7 38. Kc4 Kd7 39. b5 d5+ 40.
Kc5 Rc8+ 41. Kb6 Rb8 42. Ra1 Re2 43. Rf1 Re6+ 44. Kc5 Rc8+ 45. Kxd5 Rc4 46.
Kxc4 Re2 47. Rf7+ Ke6 48. Rxb7 Kd6 49. a6 Re8 50. a7 Rc8+ 51. Kb4 Ra8 52. Rb8
Rxa7 53. Bxa7 Kc7 54. Rh8 Kd7 55. Kc5 Ke6 56. Kd4 Kf6 57. Rxh7 Kg6 58. Rd7 Kf6
59. Kc5 Kg6 60. Kc6 Kf6 61. Rd5 Ke6 62. Bc5 Kf6 63. Kd6 Kf7 64. Rf5+ Kg6 65.
Ke6 Kg7 66. Rf6 Kh7 67. Kf5 Kg8 68. Rg6+ Kh7 69. Kf6 Kh8 70. Kf7 Kh7 71. Rf6
Kh8 72. Rh6# {Normal} 1-0